Terraria Items - Statistics

General Stats
  • This quiz has been taken 501 times
  • The average score is 12 of 23
Answer Stats
Hint Answer % Correct
Boss that spawns when you enter the dungeon pre Skeletron Dungeon Guardian
82%
Gun found in the Jungle (pre hardmode) Boomstick
81%
The boss that drops "The Axe" Plantera
81%
Crimson counterpart Corruption
80%
Mob that drops rainbow blocks Rainbow Slime
79%
Made by Shotgun and Dark Shards Onyx Blaster
77%
Mothrons drop Broken Hero Sword
76%
Final Boss for the Pirate invasion The Flying Dutchman
68%
Destroyer's minions Probe
64%
Bow Drop from the Hallowed Mimic Daedalus Storm Bow
54%
Pirate Spawner Treasure Map
54%
Magic Weapon that can be fished up Crystal Serpent
49%
Fishing Rod that can be bought in the Traveling Merchant Sitting Duck
49%
Mob that can drop a Sniper Rifle Skeleton Sniper
49%
Magic Missile counterpart Flame Lash
48%
Moon Lord Pet Suspicious Looking Tentacle
44%
Trees in the Tundra Boreal Trees
37%
Takes a bunch of 60 Bars of ore to make Drill Containment Unit
35%
Dungeon YoYo (pre Cultist) The Kraken
35%
Final combination involving hermes boots and rocket boots. Frostspark Boots
33%
Last Accessory in the game (from bosses) Gravity Globe
33%
Onyx Blaster counterpart Sky Fracture
22%
a mount found in the desert Ancient Basilisk
2%
No matching quizzes found
Score Distribution
Percent of People with Each Score
Percentile by Number Answered
Your Score History
You have not taken this quiz